[Event "AUTO-OPEN-2100"]
[Site "http://www.queenalice.com/game.php?id=831898"]
[Date "2010.9.12"]
[Round "1"]
[White "xmas"]
[Black "wagnerdqkv"]
[Result "1-0"]
[WhiteElo "1707"]
[BlackElo "1431"]

1. e4 e5 2. Nf3 Nc6 3. Nc3 Nf6 4. Bc4 Be7 5. d3 O-O 6. O-O a6 7. a4 Nd4 8. Nxe5
d6 9. Nxf7 Rxf7 10. Bxf7+ Kxf7 11. Nd5 Be6 12. Nxf6 Bxf6 13. Qh5+ Kg8 14. c3 Bf7
15. Qd1 Nb3 16. Rb1 Bg5 17. f4 Bh6 18. c4 1-0

[Event "AUTO-OPEN-2100"]
[Site "http://www.queenalice.com/game.php?id=831899"]
[Date "2010.9.12"]
[Round "1"]
[White "wagnerdqkv"]
[Black "ivanguedes"]
[Result "0-1"]
[WhiteElo "1391"]
[BlackElo "1625"]

1. e4 e6 2. Nf3 a6 3. d4 d5 4. Nc3 Bb4 5. exd5 Bxc3+ 6. bxc3 exd5 7. Ng5 h6 8.
Nf3 Nf6 9. Ne5 O-O 10. Bd3 Qd6 11. Bf4 Qa3 12. O-O Qxc3 13. Nf3 Bg4 0-1

[Event "AUTO-OPEN-2100"]
[Site "http://www.queenalice.com/game.php?id=831900"]
[Date "2010.9.12"]
[Round "1"]
[White "ivanguedes"]
[Black "wagnerdqkv"]
[Result "1-0"]
[WhiteElo "1632"]
[BlackElo "1384"]

1. Nf3 Nc6 2. Nc3 e5 3. a3 Nf6 4. e4 Bc5 5. h3 O-O 6. Bc4 a6 7. Nd5 Nxd5 8. Bxd5
Nd4 9. Nxd4 Bxd4 10. d3 Qf6 11. O-O c6 12. Bc4 b5 13. Bb3 1-0

[Event "Challenge"]
[Site "http://www.queenalice.com/game.php?id=919361"]
[Date "2011.3.30"]
[Round "-"]
[White "wagnerdqkv"]
[Black "bambi54"]
[Result "0-1"]
[WhiteElo "1316"]
[BlackElo "1471"]

1. e4 e5 2. Nf3 Nc6 3. Bb5 a6 4. Bxc6 bxc6 5. Nxe5 d6 6. Nxc6 Qf6 7. d4 Bd7 8.
d5 Be7 9. Nxe7 Qxe7 10. Qd4 Qf6 11. Qxf6 Nxf6 12. Nc3 O-O 13. Bg5 Ng4 14. O-O
Rfb8 15. f3 Ne5 16. f4 Nc4 17. b3 Ne3 18. Rf2 Nxc2 19. Rxc2 Rb4 20. e5 Re8 21.
exd6 cxd6 22. Rf1 Bf5 23. Re2 Rxe2 0-1

[Event "Challenge"]
[Site "http://www.queenalice.com/game.php?id=919362"]
[Date "2011.3.30"]
[Round "-"]
[White "wagnerdqkv"]
[Black "roota"]
[Result "0-1"]
[WhiteElo "1302"]
[BlackElo "1211"]

1. e4 d5 2. exd5 Qxd5 3. Nc3 Qc6 4. Bb5 Bd7 5. Bxc6 Bxc6 6. Nf3 Na6 7. O-O Nf6
8. Ne5 Bb5 9. Nxb5 Nd5 10. c4 Nb6 11. Qf3 Rb8 12. Qxf7+ Kd8 13. Nxa7 c6 14.
Nexc6+ bxc6 15. Nxc6+ Kd7 16. Nxb8+ Nxb8 17. c5 Nc8 18. Qd5+ Ke8 19. c6 h5 20.
c7 Nd7 21. Qa8 Nb6 0-1

[Event "Challenge"]
[Site "http://www.queenalice.com/game.php?id=919383"]
[Date "2011.3.30"]
[Round "-"]
[White "wagnerdqkv"]
[Black "VFA"]
[Result "0-1"]
[WhiteElo "1344"]
[BlackElo "1674"]

1. e4 e5 2. Nf3 Nc6 3. Bb5 Nf6 4. Nc3 Bc5 5. Bxc6 bxc6 6. Nxe5 O-O 7. d4 Bb4 8.
Bd2 Bxc3 9. Bxc3 d6 10. Nxc6 Qe8 11. e5 dxe5 12. dxe5 Qxc6 13. O-O Bb7 14. f3
Rad8 15. Qe2 Ba6 16. Qf2 Bxf1 17. Kxf1 Nd5 18. Bd4 Qb5+ 19. Kg1 a5 0-1

[Event "Challenge"]
[Site "http://www.queenalice.com/game.php?id=919394"]
[Date "2011.3.30"]
[Round "-"]
[White "wagnerdqkv"]
[Black "silvc"]
[Result "0-1"]
[WhiteElo "1260"]
[BlackElo "1258"]

1. e4 d5 2. exd5 Qxd5 3. Nc3 Qe5+ 4. Be2 Qg5 5. Bf3 Nf6 6. d3 Qe5+ 7. Be3 e6 8.
Nge2 Nc6 9. Bf4 Qc5 10. Bxc7 Nd4 11. Nxd4 Qxc7 12. Ndb5 Qe5+ 13. Qe2 Bd6 14.
Qxe5 Bxe5 15. O-O O-O 16. Rfe1 Bf4 17. g3 Bd2 18. Re2 Bxc3 19. Nxc3 Rb8 20. Nb5
a6 0-1

[Event "Challenge"]
[Site "http://www.queenalice.com/game.php?id=919518"]
[Date "2011.3.30"]
[Round "-"]
[White "wagnerdqkv"]
[Black "ijro"]
[Result "0-1"]
[WhiteElo "1240"]
[BlackElo "1214"]

1. e4 e5 2. Nf3 Be7 3. Nxe5 d6 4. Nf3 Nf6 5. Nc3 b5 6. Bxb5+ Bd7 7. Bxd7+ Nbxd7
8. O-O O-O 9. d4 Nb6 10. Be3 Nc4 11. b3 Nb2 0-1

[Event "AUTO-OPEN-2317"]
[Site "http://www.queenalice.com/game.php?id=919576"]
[Date "2011.3.30"]
[Round "1"]
[White "ppeteleco"]
[Black "wagnerdqkv"]
[Result "1-0"]
[WhiteElo "2453"]
[BlackElo "1346"]

1. d4 d5 2. c4 e6 3. Nc3 Bb4 4. e3 Nf6 5. Bd3 Bxc3+ 6. bxc3 O-O 7. Ba3 Re8 8.
Nf3 Nc6 9. O-O Na5 10. cxd5 Nxd5 11. Ne5 Nxc3 12. Qc2 Nd5 13. Bxh7+ Kh8 14.
Nxf7# 1-0

[Event "AUTO-OPEN-2317"]
[Site "http://www.queenalice.com/game.php?id=919577"]
[Date "2011.3.30"]
[Round "1"]
[White "wagnerdqkv"]
[Black "ppeteleco"]
[Result "0-1"]
[WhiteElo "1322"]
[BlackElo "2458"]

1. e4 c5 2. Nf3 d6 3. Nc3 Nc6 4. Bb5 Bd7 5. d4 cxd4 6. Nxd4 g6 7. Nxc6 bxc6 8.
Qd4 e5 9. Qd3 cxb5 10. Nxb5 Bxb5 11. Qxb5+ Qd7 12. Qxd7+ Kxd7 13. O-O Rc8 14. c3
Ke6 15. Be3 Bh6 16. Bxh6 Nxh6 17. a4 Rc4 0-1

[Event "AUTO-OPEN-2317"]
[Site "http://www.queenalice.com/game.php?id=919596"]
[Date "2011.3.30"]
[Round "1"]
[White "VICSAR"]
[Black "wagnerdqkv"]
[Result "1-0"]
[WhiteElo "1795"]
[BlackElo "1242"]

1. e4 e5 2. Nf3 d6 3. Bc4 Nc6 4. Nc3 Nf6 5. d3 Be7 6. h3 Nd4 7. O-O O-O 8. Nh2
c6 9. a3 b5 10. Ba2 c5 11. Ne2 a5 12. c3 Nc6 13. f4 Bb7 14. f5 d5 15. Ng3 Na7
16. Bg5 dxe4 17. Bxf6 1-0

[Event "AUTO-OPEN-2317"]
[Site "http://www.queenalice.com/game.php?id=919597"]
[Date "2011.3.30"]
[Round "1"]
[White "wagnerdqkv"]
[Black "VICSAR"]
[Result "0-1"]
[WhiteElo "1244"]
[BlackElo "1772"]

1. e4 c5 2. Nf3 Nc6 3. Bc4 d6 4. Nc3 e5 5. d3 Nf6 6. O-O Bg4 7. Nd5 Nxd5 8. Bxd5
Nd4 9. Bxb7 Rb8 10. Bd5 Nxf3+ 11. gxf3 Bh3 12. Bc6+ Bd7 13. Bxd7+ Qxd7 14. b3
Be7 15. Re1 Qh3 16. Re3 O-O 0-1

[Event "AUTO-OPEN-2317"]
[Site "http://www.queenalice.com/game.php?id=919608"]
[Date "2011.3.30"]
[Round "1"]
[White "wagnerdqkv"]
[Black "Aborigen"]
[Result "0-1"]
[WhiteElo "1320"]
[BlackElo "1779"]

1. c4 f5 2. Nf3 g6 3. Qc2 Bg7 4. d4 Nf6 5. e3 O-O 6. c5 d6 7. Bc4+ e6 8. Ng5 d5
9. Bb3 c6 10. O-O Nh5 11. Nc3 Qxg5 12. e4 f4 13. exd5 exd5 0-1

[Event "AUTO-OPEN-2317"]
[Site "http://www.queenalice.com/game.php?id=919609"]
[Date "2011.3.30"]
[Round "1"]
[White "Aborigen"]
[Black "wagnerdqkv"]
[Result "1-0"]
[WhiteElo "1781"]
[BlackElo "1318"]

1. d4 d5 2. Nf3 Nc6 3. g3 e6 4. Bg2 Nf6 5. O-O Be7 6. Re1 O-O 7. c3 b5 8. Nbd2
b4 9. e4 bxc3 10. bxc3 dxe4 11. Nxe4 Nxe4 12. Rxe4 Bb7 13. Re1 Qd6 14. Bf4 Qd7
15. Rb1 1-0

[Event "AUTO-INT-1995"]
[Site "http://www.queenalice.com/game.php?id=919861"]
[Date "2011.3.31"]
[Round "1"]
[White "Pabl"]
[Black "wagnerdqkv"]
[Result "1-0"]
[WhiteElo "1673"]
[BlackElo "1282"]

1. e4 e5 2. Nf3 d6 3. Nc3 Nf6 4. d3 Nc6 5. Bg5 Be7 6. g3 Bg4 7. Be2 Nd4 8. Nxd4
Bxe2 9. Qxe2 exd4 10. Nd5 Nxd5 11. exd5 f6 12. Bd2 Qd7 13. O-O-O 1-0

[Event "AUTO-INT-1995"]
[Site "http://www.queenalice.com/game.php?id=919862"]
[Date "2011.3.31"]
[Round "1"]
[White "wagnerdqkv"]
[Black "Pabl"]
[Result "0-1"]
[WhiteElo "1280"]
[BlackElo "1675"]

1. e4 e5 2. Nf3 Nc6 3. Bb5 Nf6 4. Bxc6 dxc6 5. d3 Bc5 6. Nxe5 O-O 7. Nc3 Qd4 8.
Be3 Qxe5 9. d4 Bxd4 10. Bxd4 Qg5 11. Qf3 Bg4 12. Qg3 Rad8 0-1

[Event "AUTO-INT-1995"]
[Site "http://www.queenalice.com/game.php?id=919873"]
[Date "2011.3.31"]
[Round "1"]
[White "Ricardoabreu"]
[Black "wagnerdqkv"]
[Result "1-0"]
[WhiteElo "1443"]
[BlackElo "1278"]

1. e3 e5 2. Qh5 Nc6 3. Bc4 Nh6 4. Bb5 g6 5. Qf3 Nb4 6. Qd1 b6 7. a3 Bb7 8. f3
Nc6 9. c3 Qf6 10. Bd3 O-O-O 11. Bb5 Bc5 12. d4 exd4 13. cxd4 Bd6 14. Nc3 Nf5 15.
g4 Nh4 16. e4 Nxd4 17. Be2 Bf4 18. Bxf4 Qxf4 19. Qxd4 Ng2+ 20. Kf2 1-0

[Event "AUTO-INT-1995"]
[Site "http://www.queenalice.com/game.php?id=919874"]
[Date "2011.3.31"]
[Round "1"]
[White "wagnerdqkv"]
[Black "Ricardoabreu"]
[Result "0-1"]
[WhiteElo "1269"]
[BlackElo "1452"]

1. e4 b6 2. Nf3 Bb7 3. Nc3 e6 4. d3 Bb4 5. Bd2 d5 6. a3 Bf8 7. e5 Nc6 8. d4 g6
9. Bg5 Be7 10. Bxe7 Ngxe7 11. Bb5 a6 12. Bxc6+ Nxc6 13. O-O Qe7 14. b4 O-O 15.
Ne2 b5 16. c3 a5 17. bxa5 Nxa5 18. a4 bxa4 19. Rxa4 Nc4 0-1

[Event "AUTO-INT-1995"]
[Site "http://www.queenalice.com/game.php?id=919879"]
[Date "2011.3.31"]
[Round "1"]
[White "Susana"]
[Black "wagnerdqkv"]
[Result "1-0"]
[WhiteElo "1647"]
[BlackElo "1304"]

1. e4 e5 2. Bc4 Nf6 3. d3 Bc5 4. h3 O-O 5. Nf3 Nc6 6. a3 d5 7. exd5 Nxd5 8. Bxd5
Qxd5 9. Nc3 Qe6 10. Nb5 Bb6 11. Qe2 a6 12. Nc3 Nd4 13. Nxd4 Bxd4 14. Bd2 Bxc3
15. Bxc3 f6 16. O-O-O b5 17. Qe4 Bd7 18. g4 1-0

[Event "AUTO-INT-1995"]
[Site "http://www.queenalice.com/game.php?id=919880"]
[Date "2011.3.31"]
[Round "1"]
[White "wagnerdqkv"]
[Black "Susana"]
[Result "0-1"]
[WhiteElo "1306"]
[BlackElo "1645"]

1. e4 e5 2. Nf3 d6 3. Nc3 Nc6 4. Bb5 Qd7 5. O-O a6 6. Bc4 h6 7. d3 Nf6 8. Be3
Be7 9. b4 Nxb4 10. a3 Nc6 11. Nd5 Nxd5 12. Bxd5 O-O 13. c4 Nd8 14. d4 c6 15.
Bxf7+ Rxf7 16. d5 c5 17. a4 Rf6 0-1